Report of the Committee of Enquiry on Emoluments and Conditions of Services of the Corporation and Municipal Employees in Madhya Pradesh (Record no. 489350)

000 -LEADER
fixed length control field 00675cam a22001337a 4500
008 - FIXED-LENGTH DATA ELEMENTS--GENERAL INFORMATION
fixed length control field 180718b1965 xxu||||| |||| 00| 0 eng d
082 ## - DEWEY DECIMAL CLASSIFICATION NUMBER
Classification number K1206mx5422 M264
100 ## - MAIN ENTRY--PERSONAL NAME
Personal name Madhya Pradesh. Committee of Enquiry on Emoluments and Conditions of Services of the Corporation and Municipal Employees
245 ## - TITLE STATEMENT
Title Report of the Committee of Enquiry on Emoluments and Conditions of Services of the Corporation and Municipal Employees in Madhya Pradesh
Statement of responsibility, etc. by Local Government (Urban) Department, Madhya Pradesh
260 ## - PUBLICATION, DISTRIBUTION, ETC.
Place of publication, distribution, etc. Bhopal
Name of publisher, distributor, etc. Local Government (Urban) Department
Date of publication, distribution, etc. 1965
300 ## - PHYSICAL DESCRIPTION
Extent 128+p.
500 ## - GENERAL NOTE
General note Chairman: Tarachand Shrivastava
700 ## - ADDED ENTRY--PERSONAL NAME
Personal name Shrivastava, Tarachand (Chairman)
Holdings
Withdrawn status Lost status Damaged status Not for loan Permanent Location Current Location Date acquired Full call number Barcode Date last seen Price effective from Koha item type
        Indian Institute of Public Administration Indian Institute of Public Administration 2018-08-04 K1206mx5422 M264 GG8267 2018-08-04 2018-08-04 GG
        Indian Institute of Public Administration Indian Institute of Public Administration 2018-08-04 K1206mx5422 M264 GG7012 2018-08-04 2018-08-04 GG

Powered by Koha